Villes et rivières de France #1 - Statistiques

Statistiques générales
  • Ce quiz a été pris 54 fois
  • Le résultat moyen est 13 sur 18
Statistiques - réponses
Ville Cours d'eau % Correct
Nantes Loire
100%
Paris Seine
98%
Lyon Rhône
92%
Toulouse Garonne
88%
Grenoble Isère
88%
Besançon Doubs
82%
Blois Loire
82%
Metz Moselle
82%
Mâcon Saône
82%
Rennes Vilaine
78%
Montauban Tarn
71%
Amiens Somme
69%
Le Mans Sarthe
67%
Limoges Vienne
65%
Charleville-Mézières Meuse
61%
Bayonne Adour
59%
Caen Orne
35%
Nice Paillon
8%
Aucun quiz correspondant
Distribution des résultats
% des personnes avec chaque résultat
Percentile par nombre de réponses
Votre historique - résultats
Vous n’avez pas pris ce quiz